=LDR 00000nam 2200000 4500 =001 NUTBA000000000005493 =005 20200310092023 =035 ##$$a 0010-101400000000723 =008 200310################g##########0#ind## =020 ##$$a 978-602-8871-44-0 =040 ##$$a NBPDMAT =082 ##$$a 294.5 =090 ##$$a 294.5 $b Wil m =100 ##$$a Wildan Herdiansyah =245 1#$$a Menelaah proses masuknya pengaruh hindu - buddha ke Indonesia /$c Wildan Herdiansyah =250 ##$$a Cet.2 =260 ##$$a Jakarta :$b Rama Edukasitama,$c 2011 =300 ##$$a iv, 52 hlm. : $b ilus. ; $c 17,5x25 cm. =650 #4$$a Indonesia - Pengaruh Hindu Budha =850 ##$$a NBPDMAT =084 ##$$a 294.5 WIL m =504 ##$$a Bibliografi : hlm. 52 =990 ##$$a 21412307 =990 ##$$a 21412308 =990 ##$$a 21412309 =990 ##$$a 21412310 =990 ##$$a 21412311 =990 ##$$a 21412308 =990 ##$$a 21412307 =990 ##$$a 21412309 =990 ##$$a 21412310 =990 ##$$a 21412311 =990 ##$$a 21412307 =990 ##$$a 21412308 =990 ##$$a 21412309 =990 ##$$a 21412310 =990 ##$$a 21412311 =990 ##$$a 21412309 =990 ##$$a 21412307 =990 ##$$a 21412308 =990 ##$$a 21412310 =990 ##$$a 21412311 =990 ##$$a 21412310 =990 ##$$a 21412307 =990 ##$$a 21412308 =990 ##$$a 21412309 =990 ##$$a 21412311 =990 ##$$a 21412311 =990 ##$$a 21412307 =990 ##$$a 21412308 =990 ##$$a 21412309 =990 ##$$a 21412310